banner koha

Genetic diversity among accessions of Spondias mombin L. collected in northeastern Brazil (Registro n. 331704)

MARC details
000 -LÍDER
fixed length control field 05073nab a2200325 i 4500
003 - CÓDIGO MARC DA AGÊNCIA CATALOGADORA
Campo de controle BR-BrBNA
005 - DATA E HORA DA ÚLTIMA ATUALIZAÇÃO
Campo de controle 20250523160232.0
008 - CAMPO DE TAMANHO FIXO
fixed length control field 250523b2024 bl.ar|pooa||| 00| 0 eng |
040 ## - FONTE DA CATALOGAÇÃO
Agência catalogadora BR-BrBNA
Idioma da catalogação eng
072 ## - CATEGORIA AGRIS
Código AGRIS F30
Código do objeto 1190
100 ## - ENTRADA PRINCIPAL - NOME PESSOAL
Nome pessoal Batista, Giovana Sarah Sales
100 ## - ENTRADA PRINCIPAL - NOME PESSOAL
Nome pessoal Vieira, Samara de Brito
100 ## - ENTRADA PRINCIPAL - NOME PESSOAL
Nome pessoal Carvalho, Leonardo Castelo Branco
100 ## - ENTRADA PRINCIPAL - NOME PESSOAL
Nome pessoal Valente, Sérgio Emílio dos Santos
100 ## - ENTRADA PRINCIPAL - NOME PESSOAL
Nome pessoal Vasconcelos, Lucio Flavo Lopes
100 ## - ENTRADA PRINCIPAL - NOME PESSOAL
Nome pessoal Lima, Paulo Sarmanho da Costa
245 ## - TÍTULO PRINCIPAL
Título principal Genetic diversity among accessions of Spondias mombin L. collected in northeastern Brazil
500 ## - NOTA GERAL
Nota geral <br/>Publicação online; 28 ref.; 3 tables; Summaries (En, Pt)
942 ## - ADDED ENTRY ELEMENTS (KOHA)
Koha item type Analítica
520 ## - NOTA DE RESUMO
Nota de conteúdo <br/><br/><br/>Abstract: Spondias mombin is an arboreal species, the fruits of which possess a unique flavor and aroma and contain both nutritive and bioactive compounds. Considering that knowledge regarding the genetic variability in S. mombin is important for the establishment of a genetic improvement program, the aim was to characterize S. mombin accessions collected in the states of Maranhão and Piauí, northeastern Brazil, using molecular analysis with simple sequence repeats markers (ISSR). Twenty-six accessions maintained in the Embrapa Meio-Norte germplasm bank (Teresina, PI, Brazil) and two dwarf accessions collected from a private property in Teresina-PI were evaluated. The 12 ISSR markers employed presented strong discriminatory power as demonstrated by the high percentage of polymorphism (88.75%) and mean polymorphic information content (0.641). High genetic diversity among the accessions was demonstrated by the diversity indices of Nei (H=0.37) and Shannon (I=0.55), while gene flow between populations was considered moderate (Nm=0.6268 migrants per generation). The genetic diversity could be explained mainly by variability within-populations (88.71%) rather than between-populations (11.29%), although the genetic differentiation coefficient between-populations was moderate (GST=0.11) and statistically significant (P < 0.01). Unweighted pair group method with arithmetic mean (UPGMA) clustering and Population Structure analysis showed genetically distinct groups. The dwarf accessions were the most divergent and should be incorporated into the germplasm bank. Our study verified the existence of genetic differentiation between the tested S. mombin accessions and confirmed that such variability could be exploited through genetic improvement programs.<br/><br/><br/>Index terms: cajazeira, genetic resources, molecular marker, germplasm bank
520 ## - NOTA DE RESUMO
Nota de conteúdo <br/><br/><br/>Resumo: Spondias mombin é uma espécie arbórea cujos frutos possuem sabor e aroma únicos e contêm compostos nutritivos e bioativos. Considerando que o conhecimento sobre a variabilidade genética em S. mombin é importante para o estabelecimento de um programa de melhoramento genético, objetivou-se caracterizar acessos de S. mombin coletados nos Estados do Maranhão e Piauí, Nordeste do Brasil, utilizando análise molecular com repetições simples de sequência: marcadores (ISSR). Foram avaliados 26 acessos mantidos no banco de germoplasma da Embrapa Meio-Norte (Teresina-PI, Brasil) e dois acessos anões coletados em propriedade privada, em Teresina-PI. Os 12 marcadores ISSR empregados apresentaram forte poder discriminatório demonstrado pelo alto percentual de polimorfismo (88,75%) e conteúdo médio de informação polimórfica (0,641). A alta diversidade genética entre os acessos foi demonstrada pelos índices de diversidade de Nei (H=0,37) e Shannon (I=0,55), enquanto o fluxo gênico entre populações foi considerado moderado (Nm=0,6268 migrantes por geração). A diversidade genética pode ser explicada, principalmente, pela variabilidade dentro das populações (88,71%) e não entre populações (11,29%), embora o coeficiente de diferenciação genética entre populações tenha sido moderado (GST = 0,11) e estatisticamente significativo (P <0,01). O método de grupos de pares não ponderados com agrupamento de média aritmética (UPGMA) e a análise de estrutura populacional mostraram grupos geneticamente distintos. Os acessos anões foram os mais divergentes e deveriam ser incorporados ao banco de germoplasma. Nosso estudo verificou a existência de diferenciação genética entre os acessos testados de S. mombin e confirmou que tal variabilidade poderia ser explorada através de programas de melhoramento genético.<br/><br/><br/>Termos para indexação: cajazeira, recursos genéticos, marcador molecular, banco de germoplasma.
650 ## - ASSUNTO - THESAGRO
Cabeçalho tópico ou nome geográfico CAJÁ
650 ## - ASSUNTO - THESAGRO
Cabeçalho tópico ou nome geográfico FRUTA TROPICAL
650 ## - ASSUNTO - THESAGRO
Cabeçalho tópico ou nome geográfico MARCADOR MOLECULAR
650 ## - ASSUNTO - THESAGRO
Cabeçalho tópico ou nome geográfico RECURSO GENÉTICO
650 ## - ASSUNTO - THESAGRO
Cabeçalho tópico ou nome geográfico MELHORAMENTO GENÉTICO VEGETAL
773 0# - ENTRADA ANALÍTICA
Host Biblionumber 805
Registro do item 350483
Imprenta Jaboticabal-SP Sociedade Brasileira de Fruticultura 1978
Outro identificador 2025-3102
Título Revista Brasileira de Fruticultura (Brazil)
ISSN 0100-2945
Colação v. 46 p. 1-12; (2024)
Número de controle de registro BR2024002979
856 ## - ACESSO E ENDEREÇO ELETRÔNICO
Identificador uniforme de recurso - URI https://www.scielo.br/j/rbf/a/yzZ4krPNSNTMjj96pZVcfvt/?format=pdf&lang=en

Nenhum exemplar disponível.

BINAGRI

Telefone: (61)3218-2567/2388/3357/2097 - binagri@agro.gov.br

Ministério da Agricultura e Pecuária , Esplanada dos Ministérios, Bloco D, Anexo B, Brasília/DF, CEP: 70.043-900